000 00500cam a2200145 4500500
005 20251228095015.0
041 _afre
042 _adc
100 1 0 _aLe Moing, Monique
_eauthor
245 0 0 _aDifférents auteurs, La Malle (recueil de nouvelles), Paris, Vuitton/ Gallimard, 2013, 343 pages
260 _c2013.
500 _a3
786 0 _nSigila | 32 | 2 | 2013-10-01 | p. 191b-193b | 1286-1715
856 4 1 _uhttps://shs.cairn.info/revue-sigila-2013-2-page-191b?lang=fr&redirect-ssocas=7080
999 _c1605337
_d1605337